Mixed Word: Dinosaurs Quiz Stats

 Plays Quiz not verified by Sporcle

Challenge
Share
Tweet
Embed
Score 0/14 Timer 05:00
0 Plays Today
Scrambled Dinosaur Dinosaur % Correct
RtiasrceotpTriceratops
82.7%
Orsuaxnnrurta EysTyrannosaurus Rex
67.3%
CarvetirolopVelociraptor
55.8%
GseuatsrsuoStegosaurus
53.8%
RptrovaoiOviraptor
51%
CarhoyertxaepArchaeopteryx
42.3%
LuorssuaalAllosaurus
39.4%
Scrambled Dinosaur Dinosaur % Correct
ComasstunghopCompsognathus
37.5%
GdaoonuinIguanodon
36.5%
TuaaarusspoApatosaurus
32.7%
OppuhauarosalrsParasaurolophus
28.8%
UphourpaeaslcashcyPachycephalosaurus
27.9%
SuunprsosaiSpinosaurus
21.2%
HaipsuusrdoolDilophosaurus
9.6%

You're not logged in!

Compare scores with friends on all Sporcle quizzes.
Join for Free
OR
Log In

You Might Also Like...

Show Comments

Extras

Top Quizzes Today


Score Distribution

Your Account Isn't Verified!

In order to create a playlist on Sporcle, you need to verify the email address you used during registration. Go to your Sporcle Settings to finish the process.

Report this User

Report this user for behavior that violates our Community Guidelines.

Details: